<?xml version="1.0" encoding="UTF-8"?>
<record
    xmlns:xsi="http://www.w3.org/2001/XMLSchema-instance"
    xsi:schemaLocation="http://www.loc.gov/MARC21/slim http://www.loc.gov/standards/marcxml/schema/MARC21slim.xsd"
    xmlns="http://www.loc.gov/MARC21/slim">

  <leader>01178nam a22002537a 4500</leader>
  <controlfield tag="005">20170123164156.0</controlfield>
  <datafield tag="010" ind1=" " ind2=" ">
    <subfield code="a">B-095387</subfield>
  </datafield>
  <datafield tag="020" ind1=" " ind2=" ">
    <subfield code="c">140.00</subfield>
  </datafield>
  <datafield tag="035" ind1=" " ind2=" ">
    <subfield code="a">B-095387</subfield>
  </datafield>
  <datafield tag="037" ind1=" " ind2=" ">
    <subfield code="a">Cen Lib / Ret</subfield>
  </datafield>
  <datafield tag="040" ind1=" " ind2=" ">
    <subfield code="a">DPL</subfield>
    <subfield code="b">PN</subfield>
  </datafield>
  <datafield tag="082" ind1=" " ind2=" ">
    <subfield code="a">260.35</subfield>
    <subfield code="b">&#xA2E;&#xA39;&#xA3F;&#xA70;&#xA26;</subfield>
  </datafield>
  <datafield tag="100" ind1=" " ind2=" ">
    <subfield code="a">&#xA2E;&#xA39;&#xA3F;&#xA70;&#xA26;&#xA30; &#xA15;&#xA4C;&#xA30; &#xA17;&#xA3F;&#xA71;&#xA32; </subfield>
    <subfield code="9">46829</subfield>
  </datafield>
  <datafield tag="245" ind1=" " ind2=" ">
    <subfield code="a">&#xA38;&#xA3C;&#xA39;&#xA40;&#xA26;&#xA40; &#xA24;&#xA47; &#xA38;&#xA70;&#xA26;&#xA47;&#xA38;&#xA3C; :</subfield>
    <subfield code="c">&#xA2E;&#xA39;&#xA3F;&#xA70;&#xA26;&#xA30; &#xA15;&#xA4C;&#xA30; &#xA17;&#xA3F;&#xA71;&#xA32; </subfield>
    <subfield code="b">&#xA2A;&#xA70;&#xA1A;&#xA2E; &#xA17;&#xA41;&#xA30;&#xA42; &#xA05;&#xA30;&#xA1C;&#xA28; &#xA26;&#xA47;&#xA35; /</subfield>
  </datafield>
  <datafield tag="246" ind1=" " ind2=" ">
    <subfield code="a">Shahidi te sandesh : fifith guru arjun dev /</subfield>
    <subfield code="b">by Mohinder Kaur Gill </subfield>
  </datafield>
  <datafield tag="260" ind1=" " ind2=" ">
    <subfield code="a">&#xA26;&#xA3F;&#xA71;&#xA32;&#xA40; </subfield>
    <subfield code="b">&#xA10;&#xA2E;. &#xA2A;&#xA40;. &#xA2A;&#xA4D;&#xA30;&#xA15;&#xA3E;&#xA38;&#xA3C;&#xA28;  </subfield>
    <subfield code="c">2004</subfield>
  </datafield>
  <datafield tag="270" ind1=" " ind2=" ">
    <subfield code="a">&#xA38;&#xA3C;&#xA4B;&#xA2A; &#xA28;&#xA70;. 7, 12/190 &#xA17;&#xA40;&#xA24;&#xA3E; &#xA15;&#xA3E;&#xA32;&#xA4B;&#xA28;&#xA40; </subfield>
    <subfield code="b">&#xA26;&#xA3F;&#xA71;&#xA32;&#xA40; </subfield>
    <subfield code="e">110031</subfield>
  </datafield>
  <datafield tag="300" ind1=" " ind2=" ">
    <subfield code="a">104p.</subfield>
    <subfield code="c">22(Hb)</subfield>
  </datafield>
  <datafield tag="650" ind1=" " ind2=" ">
    <subfield code="a">&#xA2A;&#xA70;&#xA1C;&#xA3E;&#xA2C;&#xA40; &#xA38;&#xA3E;&#xA39;&#xA3F;&#xA24;   </subfield>
    <subfield code="9">131080</subfield>
  </datafield>
  <datafield tag="650" ind1=" " ind2=" ">
    <subfield code="a">&#xA2A;&#xA70;&#xA1C;&#xA3E;&#xA2C;&#xA40; &#xA38;&#xA3E;&#xA39;&#xA3F;&#xA24; -  &#xA30;&#xA41;&#xA39;&#xA3E;&#xA28;&#xA40; &#xA06;&#xA27;&#xA3E;&#xA30;&#xA3F;&#xA24;  &#xA38;&#xA3F;&#xA71;&#xA16; &#xA27;&#xA30;&#xA2E; &#xA1C;&#xA40;&#xA35;&#xA28;</subfield>
    <subfield code="9">13179</subfield>
  </datafield>
  <datafield tag="650" ind1=" " ind2=" ">
    <subfield code="a">Punjabi Literature-Spiritual and Sikh religon life</subfield>
    <subfield code="9">13180</subfield>
  </datafield>
  <datafield tag="650" ind1=" " ind2=" ">
    <subfield code="a">&#xA2A;&#xA70;&#xA1C;&#xA3E;&#xA2C;&#xA40; -- &#xA27;&#xA30;&#xA2E;</subfield>
    <subfield code="9">1301</subfield>
  </datafield>
  <datafield tag="942" ind1=" " ind2=" ">
    <subfield code="2">ddc</subfield>
    <subfield code="c">PN</subfield>
    <subfield code="h">260.35</subfield>
    <subfield code="m">&#xA2E;&#xA39;&#xA3F;&#xA70;&#xA26;</subfield>
  </datafield>
  <datafield tag="999" ind1=" " ind2=" ">
    <subfield code="c">110702</subfield>
    <subfield code="d">110702</subfield>
  </datafield>
  <datafield tag="952" ind1=" " ind2=" ">
    <subfield code="0">0</subfield>
    <subfield code="1">0</subfield>
    <subfield code="4">0</subfield>
    <subfield code="7">0</subfield>
    <subfield code="a">L</subfield>
    <subfield code="b">L</subfield>
    <subfield code="d">2016-02-06</subfield>
    <subfield code="e">Cen Lib/Ret</subfield>
    <subfield code="g">140.00</subfield>
    <subfield code="l">0</subfield>
    <subfield code="o">260.35 &#xA2E;&#xA39;&#xA3F;&#xA70;&#xA26;</subfield>
    <subfield code="p">B-095387</subfield>
    <subfield code="r">2016-02-06 00:00:00</subfield>
    <subfield code="t">1</subfield>
    <subfield code="v">140.00</subfield>
    <subfield code="w">2016-02-06</subfield>
    <subfield code="y">PN</subfield>
  </datafield>
</record>
